000 01195nam0a22002771 4500
001 rc\4644036
005 20260406134356.0
021 _aRU
_b[63-43882]
035 _a(NLR Aleph) 008687190
090 _a9215892
_c9215892
100 _a20130416g19621963|||y0rusy50 ca
101 0 _arus
102 _aRU
105 _ay z |||||
200 1 _aСборник упражнений для работы на счетно-клавишных машинах
_e[Для экон. фак.]
_fМСХ УССР. Львовский с.-х. ин-т. Кафедра статистики
210 _aЛьвов
_cБ. и.
_d1962 [обл. 1963]
215 _a46 с.
_d20
300 _aСост. указан на обороте тит. л.
606 _aСчетные машины и приборы
_xЭксплуатация
_jПрактические работы учащихся
_2psbo
700 1 _aСмолянинов
_bВ.И.
_gВасилий Иванович
_4220
712 0 2 _aЛьвовский сельскохозяйственный институт
_3RU\NLR\AUTH\889917422
_9331014
801 0 _aRU
_bNLR
_gpsbo
801 1 _aRU
_bELAR
_2rusmarc
852 _aNLR
_j63-4/10314
942 _cBOOK
980 _aNB